| 000 | 00918nam a22002177a 4500 | ||
|---|---|---|---|
| 999 |
_c14889 _d14889 |
||
| 003 | AR-CdUCM | ||
| 008 | 190425b ||||| |||| 00| 0 spa d | ||
| 040 |
_aMUNICIPALIDAD PROVINCIAL DEL CUSCO _cBIBLIOTECA MUNICIPAL DEL CUSCO |
||
| 082 |
_aC / 340.4 / _bQ73 |
||
| 100 |
_aQuispe Aucca, J. Moises _933849 |
||
| 245 | _aLa duplicidad de procedimientos en el fuero privativo agrario, consecuencia de la contradicción con los principios que informan el proceso agrario / | ||
| 260 |
_aCusco : _bUNSAAC, _c1978. |
||
| 300 |
_a122 hojas ; _c30 cm. |
||
| 505 | _aAntecedentes de los procedimientos de solución de problemas sobre los derechos propios, posesión y tendencias de predios rústicos --Teoricos sobre el proceso agrario -- El proceso agrario... | ||
| 650 |
_aProceso agrario. _933850 |
||
| 650 |
_aAgro. _92315 |
||
| 650 |
_aTierra. _9337 |
||
| 650 |
_aCampo. _930997 |
||
| 942 |
_2ddc _cTESIS |
||
| 945 | _awfj | ||